00989nam a22002657a 4500003000400000005001700004008004100021020001800062040003400080082002100114100003500135245009600170250002300266260007100289300004700360500004200407500003300449504002800482546003300510650004200543650003200585650003800617650003100655710003700686OSt20220704091208.0180228s2017 pe 000 0 spa  a9786124419409 cBiblioteca Municipal de Cusco a498.511/M39bM39 aMejía Huamán, Mariod1946- aQuechua para médicos :bedición bilingüe, quechua-español /cMario Mejía Huamán aPrimera edición. aLima :bUniversidad Ricardo Palma, Editorial Universitaria,c2019. a202 páginas. :bilustraciones. ;c25 cm. a"Edición de aniversario. 1969-2019" a"Lingüística"--Cubierta. aBibliografía: p. 172. aTexto en español y quechua aLengua quechuaxEstudio y enseñanza aLengua quechuaxGramática aLengua quechuavPalabras y frases aComunicación en medicina aUniversidad Ricardo Palma (Lima)